Medzinárodný obchod 1

Guardado en:
Detalles Bibliográficos
Autor principal: Michník, Ľubomír
Autor Corporativo: Ekonomická univerzita v Bratislave. Obchodná fakulta
Formato: Libro
Lenguaje:eslovaco
Publicado: Bratislava EU 1994
Edición:3. vyd.
Materias:
Etiquetas: Agregar Etiqueta
Sin Etiquetas, Sea el primero en etiquetar este registro!

MARC

LEADER 00000nam a2200000 4500
001 c005117
005 20221214074526.3
020 |a 80-225-0569-2 
041 0 |a slo 
044 |a SK 
245 1 0 |a Medzinárodný obchod 1  |c Ľubomír Michník a kol. 
250 |a 3. vyd. 
264 1 |a Bratislava  |b EU  |c 1994 
300 |a 239 s. 
610 2 0 |a obchod zahraničný 
610 2 0 |a deľba práce medzinárodná 
610 2 0 |a rast hospodársky 
610 2 0 |a politika zahraničnoobchodná 
610 2 0 |a sústava menová 
610 2 0 |a sústava finančná 
610 2 0 |a bilancia platobná 
610 2 0 |a marketing medzinárodný 
610 2 0 |a služby obchodné 
610 2 0 |a podnikanie 
100 1 |a Michník, Ľubomír 
710 2 |a Ekonomická univerzita v Bratislave. Obchodná fakulta